| 000 | 00000nam 2200000zi 4500 |
| 001 | 9.816420 |
| 003 | CaOODSP |
| 005 | 20221107142240 |
| 006 | m o d f |
| 007 | cr cn||||||||| |
| 008 | 160502t20142014pica obs f000 0 eng d |
| 020 | |a9780660053080 |
| 040 | |aCaOODSP|beng|erda|cCaOODSP |
| 043 | |an-cn--- |
| 045 | |ay0y1 |
| 086 | 1 |aV32-265/2016E-PDF |
| 100 | 1 |aMaclean, Mary Beth, |eauthor. |
| 245 | 00|aCompensating for permanent losses : |btotally and permanently incapacitated : in support of the New Veterans Charter review / |cMary Beth MacLean, Teresa Pound. |
| 264 | 1|aCharlottetown, Prince Edward Island : |bVeterans Affairs Canada = Anciens combattants Canada, |c2014. |
| 264 | 4|c©2014 |
| 300 | |a1 online resource (28 pages) : |bcolour illustrations. |
| 336 | |atext|btxt|2rdacontent |
| 337 | |acomputer|bc|2rdamedia |
| 338 | |aonline resource|bcr|2rdacarrier |
| 490 | 1 |aResearch Directorate data report |
| 500 | |aCover title. |
| 500 | |a"April 22, 2014 ." |
| 504 | |aIncludes bibliographical references (pages 24-25). |
| 692 | 07|2gccst|aVeterans |
| 692 | 07|2gccst|aDisability pensions |
| 692 | 07|2gccst|aPersonal income |
| 692 | 07|2gccst|aStatistics |
| 700 | 1 |aPound, Teresa, |eauthor. |
| 710 | 1 |aCanada. |bVeterans Affairs Canada. |bResearch Directorate. |
| 830 | #0|aData report (Canada. Veterans Affairs Canada. Research Directorate)|w(CaOODSP)9.879708 |
| 856 | 40|qPDF|s313 KB|uhttps://publications.gc.ca/collections/collection_2016/acc-vac/V32-265-2016-eng.pdf |